000 00658nam a22002177a 4500
005 20170124110017.0
010 _aB-219588
020 _c600.00
_a9788174453341
035 _aB-219588
037 _bCen Lib/Ret
040 _aDPL
_bEN
082 _a338.4791
_bDIX
100 _aDixit, Saurab Kumar
_918821
245 _aManagement in tourism /
_cby Saurab Kumar Dixit
260 _aNew Delhi
_bMohit Publications
_c2005
270 _a4675/21 Ansari Road
_bNew Delhi
_e110002
300 _a286p.
_c22cm(Hb)
650 _aTourism--Management
_910879
650 _aTourism--Personnel management
_9110833
942 _2ddc
_cEN
_h338.4791
_mDIX
999 _c126909
_d126909